| 000 | 00967nam a2200241Ia 4500 | ||
|---|---|---|---|
| 999 |
_c5132 _d5132 |
||
| 003 | OSt | ||
| 005 | 20200329015537.0 | ||
| 008 | 191128s1985 ck gr 000 0 spa d | ||
| 040 |
_aCO-JMCR _cCO-JMCR |
||
| 041 | 0 | _aspa | |
| 082 | 0 | 4 |
_a320.53 / _bJ171s _221 |
| 100 | 1 |
_aJaramillo Vélez, Rubén, _eautor _92100 |
|
| 245 | 1 | 3 |
_aEl súbdito en torno a los orígenes del autoritarismo / _cRubén Jaramillo Vélez |
| 250 | _aSegunda edición | ||
| 260 |
_aBogotá : _bContraloría General de la Republica, _c1985 |
||
| 300 |
_a94 páginas ; _c24 cm. |
||
| 490 | 0 | _aArgumentos | |
| 505 | 0 | _aHeinrich Mann (1871-1950) -- El súbito en torno a los orígenes del autoritarimo -- Heinrich Mann: espíritu y acción -- Wolfram Schütte : espíritu y acción, de Heinrich Mann | |
| 650 | 1 | 4 |
_aMann, Heinrich _xcrítica e interpretación _y1871-1950 _92101 |
| 650 | 1 | 4 |
_aAutoritarismo _xhistoria _92102 |
| 650 | 1 | 4 |
_aSistemas políticos _xfascismo _92103 |
| 942 |
_2ddc _cBK |
||